Aufbau von Anneliden - Statistiken

Allgemein
  • Dieses Quiz wurde 12 mal gespielt
  • Das Durchschnittsergebnis liegt bei 5 aus 9
Antwortstatistiken
Bildquiz Antwort % Korrekt
1. Cerebralganglion
100%
9. Pygidium
100%
2. Prostomium
50%
4. Konnektive
50%
6. Gonaden
50%
7. Segmentalorgane (Nephridien)
50%
8. Dorsalgefäss
50%
3. Kommisur
0%
5. Ventralgefäss
0%
Keine übereinstimmenden Quizze gefunden
Verteilung der Resultate
Anzahl Personen mit jedem Resultat
Perzentil nach korrekt beantworteten Fragen
Ihre Resultats-Entwicklung
Sie haben dieses Quiz noch nicht gespielt